SAMAJIK GABESHONAR PODHOTI (Record no. 5266)
[ view plain ]
| 000 -LEADER | |
|---|---|
| fixed length control field | 00389cam a2200169ua 4500 |
| 008 - FIXED-LENGTH DATA ELEMENTS--GENERAL INFORMATION | |
| fixed length control field | 140109n II |||gr||||Z||||||asm |
| 040 ## - CATALOGING SOURCE | |
| Original cataloging agency | MAIN |
| 041 ## - LANGUAGE CODE | |
| -- | English |
| 082 ## - DEWEY DECIMAL CLASSIFICATION NUMBER | |
| Classification number | 001.4 HAZ |
| 100 ## - MAIN ENTRY--PERSONAL NAME | |
| Personal name | HAZARIKA, DHIREN. |
| 245 ## - TITLE STATEMENT | |
| Title | SAMAJIK GABESHONAR PODHOTI |
| 260 ## - PUBLICATION, DISTRIBUTION, ETC. | |
| Place of publication, distribution, etc. | [s.l: |
| Name of publisher, distributor, etc. | s.n.] |
| Date of publication, distribution, etc. | 1992. |
| 300 ## - PHYSICAL DESCRIPTION | |
| Extent | 200: |
| Dimensions | 20CM. |
| 942 ## - ADDED ENTRY ELEMENTS (KOHA) | |
| Koha item type | Books |
| 653 ## - INDEX TERM--UNCONTROLLED | |
| Uncontrolled term | Research Methodology |
| Withdrawn status | Lost status | Damaged status | Not for loan | Collection code | Home library | Current library | Shelving location | Date acquired | Full call number | Barcode | Date last seen | Copy number | Price effective from | Koha item type | Public note |
|---|---|---|---|---|---|---|---|---|---|---|---|---|---|---|---|
| General Reference | Central Library and Information Centre Sibsagar Girls College | Central Library and Information Centre Sibsagar Girls College | General Stacks | 19.06.1995 | 001.4 HAZ | 13402 | 27.02.2020 | 1 | 27.02.2020 | Books | |||||
| TBSOC | Central Library and Information Centre Sibsagar Girls College | Central Library and Information Centre Sibsagar Girls College | SOCIOLOGY BOOK RACK | 19.06.1995 | 001.4 HAZ | 13403 | 27.02.2020 | 2 | 27.02.2020 | Books | V |